What Is the Value of Growth Companies? A Methodical Approach to the Valuation of Growth Companies in the Biotechnology and Pharmaceutical Sector

Hodnota podniku rastúcich spoločností z hľadiska ich silných a slabých stránok v podnikaní. Strategická, technologická, organizačná, riadiaca a finančná zložka prístupu oceňovania. Hodnotiace kritéria a ich aplikácia v praktickej prípadovej štúdii biotechnologickej spoločnosti Biomarin. Porovnanie ú...

Description complète

Enregistré dans:
Détails bibliographiques
Auteur principal: Stros, Michael
Autres auteurs: Říha, David
Format: Chapitre de livre
Langue:anglais
Sujets:
Tags: Ajouter un tag
Pas de tags, Soyez le premier à ajouter un tag!

MARC

LEADER 00000naa a2200000 4500
001 0268408
005 20201028113001.8
041 0 |a eng 
044 |a CZ 
245 1 0 |a What Is the Value of Growth Companies? A Methodical Approach to the Valuation of Growth Companies in the Biotechnology and Pharmaceutical Sector  |c Michael Stros, David Říha 
520 |a Hodnota podniku rastúcich spoločností z hľadiska ich silných a slabých stránok v podnikaní. Strategická, technologická, organizačná, riadiaca a finančná zložka prístupu oceňovania. Hodnotiace kritéria a ich aplikácia v praktickej prípadovej štúdii biotechnologickej spoločnosti Biomarin. Porovnanie údajov o rastovej spoločnosti s aktuálnymi údajmi z prípadovej štúdie pomocou metodiky hodnotenia. 
610 2 0 |a hodnota podniku 
610 2 0 |a stratégia podniková 
610 2 0 |a financie 
610 2 0 |a spoločnosti 
610 2 0 |a priemysel farmaceutický 
610 2 0 |a podnikanie 
100 1 |a Stros, Michael 
700 1 |a Říha, David